Fictional Spaceships - Statistics

General Stats
  • This quiz has been taken 576 times
  • The average score is 5 of 16
Answer Stats
Hint Answer % Correct
It's mission is to go where no one has gone before USS Enterprise
96%
Made the Kessel Run in less than 12 parsecs Millenium Falcon
80%
A massive warship at odds with the Cylons Battlestar Galactica
60%
Firefly-class cargo ship used for transport and smuggling Serenity
52%
Bounty hunting ship flown by one Fett or another Slave I
47%
Industrial towing ship that investigates an unknown signal Nostromo
30%
Scientific vessel built by the Weyland Corporation to follow a star map Prometheus
29%
Stealth and interdiction ship helmed by Cmdr. Shepard SSV Normandy
21%
Colonial Marine warship sent to investigate a colony that has gone silent U.S.S. Sulaco
12%
Vessel that can create an Earth-like planet but needs massive amounts of energy to do so Titan
11%
Scientific ship sent on a mission to re-ignite the sun with a massive bomb Icarus II
8%
Bounty hunting ship often containing a Corgi Bebop
7%
Freighter helmed by Revan and piloted by Carth Onasi Ebon Hawk
6%
Luxury space-liner that orbits an ocean planet and can descend to the surface Fhloston Paradise
4%
Warship powered by a beryllium sphere that contains the Omega 13 device NSEA Protector
4%
Ship piloted by a bio-android, it's purpose is to find the Galactic Leyline Outlaw Star
2%
No matching quizzes found
Score Distribution
Percent of People with Each Score
Percentile by Number Answered
Your Score History
You have not taken this quiz